000 00482nam a2200121Ia 4500
008 220620s9999||||xx |||||||||||||| ||und||
100 _aSeyed Soheil Saeedi Saravi
245 0 _aNitric Oxide Synthase - Simple Enzyme-Complex Roles
546 _aEnglish[eng]
650 _aLife Sciences||Genetics and Molecular Biology||Chemical Biology||Biochemistry||Bioorganic Chemistry
856 _uhttps://www.intechopen.com/books/nitric-oxide-synthase-simple-enzyme-complex-roles
942 _cEB
999 _c34273
_d34273